Ekonomie sociálních služeb / Ladislav Průša
Publikace přibližuje některé ekonomické otázky související s reformními kroky v oblasti poskytování sociálních služeb.
Record details
- ISBN: 978-80-7357-255-6 (brož.) :
- Physical Description: 179 s. : il. ; 21 cm
- Edition: 2., aktualiz. a rozš. vyd.
- Publisher: Praha : ASPI, 2007
Content descriptions
| Bibliography, etc. Note: | Obsahuje bibliografii, bibliografické odkazy a rejstřík |
Search for related items by subject
| Subject: | sociální služby > Česko sociální služby > ekonomické aspekty social service > Czech Republic social service > economic aspects |
| Genre: | monografie monographs |
Available copies
- 1 of 1 copy available at Common Catalog SPOK.
Holds
- 0 current holds with 1 total copy.
Other Formats and Editions
Show Only Available Copies
| Location | Call Number / Copy Notes | Barcode | Shelving Location | Status | Due Date |
|---|---|---|---|---|---|
| Jabok Library | SPo-2 | 424480026346 | Odborná literatura | Available | - |
| LDR | 02560nam a2200673 a 4500 | ||
|---|---|---|---|
| 001 | 16338 | ||
| 003 | CZ-PrJAB | ||
| 005 | 20220405121338.0 | ||
| 007 | ta | ||
| 008 | 070426s2007 xr a e 001 0 cze | ||
| 015 | . | ‡acnb001714502 | |
| 020 | . | ‡a978-80-7357-255-6 (brož.) : ‡cKč 250,00 | |
| 035 | . | ‡a(CONS)16338 | |
| 035 | . | ‡a(CZ PrSKC)nkc20071714502 | |
| 035 | . | ‡a(OCoLC)186970441 | |
| 040 | . | ‡aABA001 ‡bcze | |
| 043 | . | ‡ae-xr--- | |
| 072 | 7. | ‡a364-1/-7 ‡xDruhy sociální pomoci a služeb ‡2Konspekt ‡918 | |
| 080 | . | ‡a364-7 ‡2MRF | |
| 080 | . | ‡a33 ‡2MRF | |
| 080 | . | ‡a(437.3) ‡2MRF | |
| 080 | . | ‡a(048.8) ‡2MRF | |
| 100 | 1 | . | ‡aPrůša, Ladislav, ‡d1958- ‡7xx0004173 ‡4aut |
| 245 | 1 | 0. | ‡aEkonomie sociálních služeb / ‡cLadislav Průša |
| 250 | . | ‡a2., aktualiz. a rozš. vyd. | |
| 260 | . | ‡aPraha : ‡bASPI, ‡c2007 | |
| 300 | . | ‡a179 s. : ‡bil. ; ‡c21 cm | |
| 504 | . | ‡aObsahuje bibliografii, bibliografické odkazy a rejstřík | |
| 520 | 9 | . | ‡aPublikace přibližuje některé ekonomické otázky související s reformními kroky v oblasti poskytování sociálních služeb. |
| 650 | 0 | 7. | ‡asociální služby ‡7ph125812 ‡zČesko ‡2czenas |
| 650 | 0 | 7. | ‡asociální služby ‡7ph125812 ‡xekonomické aspekty ‡2czenas |
| 650 | 0 | 9. | ‡asocial service ‡zCzech Republic ‡2eczenas |
| 650 | 0 | 9. | ‡asocial service ‡xeconomic aspects ‡2eczenas |
| 653 | 0 | . | ‡aekonomie |
| 653 | 0 | . | ‡azákon o sociálních službách |
| 653 | 0 | . | ‡aprevence sociálního vyloučení |
| 653 | 0 | . | ‡afinancování sociálních služeb |
| 655 | 7. | ‡amonografie ‡7fd132842 ‡2czenas | |
| 655 | 9. | ‡amonographs ‡2eczenas | |
| 910 | . | ‡aABG312 | |
| 901 | . | ‡a16338 ‡b ‡c16338 ‡tbiblio | |